| 000 | 00926nam a2200265Ia 4500 | ||
|---|---|---|---|
| 003 | OSt | ||
| 005 | 20220927110350.0 | ||
| 006 | a|||||r|||| 00| 0 | ||
| 007 | ta | ||
| 008 | 220926b |||||||| |||| 00| 0 eng d | ||
| 024 | _a52144 | ||
| 037 | _cReports | ||
| 040 |
_aRTL _cRTL _beng |
||
| 041 |
_2eng _aeng |
||
| 082 | _a"X:(B2894), L0" | ||
| 110 |
_aSymposium on Models and Simulations of Economic and Administrative systems (Gothenburg) (1968) _9376774 |
||
| 245 | 0 | _aProceedings Ed by hakan Stockhaus | |
| 260 |
_aGoteborg _bAkademiforlaget _c1970 |
||
| 300 |
_a271p. _ccm. |
||
| 490 | _aGoteborg School of Economics and Business Administration Publications | ||
| 650 |
_aOperations Research Economics _9376775 |
||
| 700 |
_aSymposium on Models and Simulations of Economic and Administrative systems (Gothenburg) (1968) _9376776 |
||
| 942 |
_h"X:(B2894), L0" _cCC |
||
| 999 |
_c695859 _d695859 |
||